Missing Word: The Voice Coaches Quiz Stats

Quiz Updated Sep 17, 2016

Challenge
Share
Tweet
Embed
Score 0/24 Timer 03:00
0 Plays Today
Missing Word % Correct
Jagger
82.7%
Genie
76.7%
Girl
76%
You
68.5%
Loved
66%
Man
57.8%
Bright
51.5%
Hold
47%
Night
39.6%
Breathe
39.1%
Over
37.9%
Wonder
29.5%
Missing Word % Correct
Cool
29.4%
Want
29.2%
Bee
28.3%
Boys
25.8%
Lonely
21.5%
Soul
16.7%
Bone
13.2%
Cry
12.5%
Somebody
12.5%
Beach
11.8%
Gone
10.2%
Fool
4.6%

Today's Daily Dose

You're not logged in!

Compare scores with friends on all Sporcle quizzes.
Join for Free
OR
Log In

You Might Also Like...

Show Comments

Extras

Top Quizzes Today


Score Distribution

Your Account Isn't Verified!

In order to create a playlist on Sporcle, you need to verify the email address you used during registration. Go to your Sporcle Settings to finish the process.

Report this User

Report this user for behavior that violates our Community Guidelines.

Details: